[Event "Ceske Budejovice op-A"]
[Site "Ceske Budejovice"]
[Date "2023.07.03"]
[Round "3"]
[White "Vaclavik, Jan"]
[Black "Stastna, Martina"]
[Result "1-0"]
[WhiteElo "2071"]
[BlackElo "1858"]
[PlyCount "78"]
[EventDate "2023.07.01"]
[EventType "swiss"]
[EventRounds "9"]
[EventCountry "CZE"]
[SourceTitle "CBM 215 Extra"]
[Source "ChessBase"]
[SourceDate "2023.09.30"]
[SourceVersion "1"]
[SourceVersionDate "2023.09.30"]
[SourceQuality "1"]

1. c4 e6 2. Nc3 Nf6 3. d4 d5 4. cxd5 exd5 5. Bg5 Nbd7 6. e3 Be7 7. Bd3 0-0 8. Nge2 c6 9. Qc2 Re8 10. 0-0 g6 11. Rad1 Bf8 12. a3 Bg7 13. b4 b6 14. e4 h6 15. Be3 dxe4 16. Nxe4 Nxe4 17. Bxe4 Ba6 18. Bf3 Rc8 19. a4 Nf6 20. Qb3 Nd5 21. b5 Bb7 22. Rc1 Qd7 23. bxc6 Rxc6 24. Qxd5 Qxd5 25. Bxd5 Rxc1 26. Bxb7 Rc2 27. Ba6 Rd8 28. Rd1 g5 29. g4 Rd5 30. Bd3 Rc7 31. Kg2 Kf8 32. Rb1 Ra5 33. Bb5 Rc2 34. Kf3 a6 35. Bd3 Ra2 36. Rxb6 R2xa4 37. Bd2 Rd5 38. Bb4+ Ke8 39. Be4 Bxd4 1-0

[Event "Usti nad Labem blitz op"]
[Site "Usti nad Labem"]
[Date "2023.05.07"]
[Round "1"]
[White "Godlova, Kamila"]
[Black "Vaclavik, Jan"]
[Result "0-1"]
[WhiteElo "1371"]
[BlackElo "2005"]
[PlyCount "72"]
[EventDate "2023.05.07"]
[EventType "swiss (blitz)"]
[EventRounds "15"]
[EventCountry "CZE"]
[SourceTitle "CBM 214 Extra"]
[Source "ChessBase"]
[SourceDate "2023.07.31"]
[SourceVersion "1"]
[SourceVersionDate "2023.07.31"]
[SourceQuality "1"]

1. e4 c5 2. Nf3 Nc6 3. Nc3 g6 4. d4 cxd4 5. Nxd4 Bg7 6. Nxc6 bxc6 7. Be3 d6 8. Bc4 Nf6 9. Qf3 0-0 10. Rd1 Qa5 11. 0-0 Rb8 12. Bb3 Bg4 13. Qf4 Bxd1 14. Rxd1 Nd7 15. Bd2 Qh5 16. f3 Be5 17. Qh6 Qxh6 18. Bxh6 Rfc8 19. Rf1 Bd4+ 20. Kh1 Nf6 21. Ne2 Bxb2 22. Nf4 Be5 23. Nh3 d5 24. exd5 cxd5 25. Ng5 e6 26. f4 Bc3 27. Rf3 Ng4 28. h3 Nxh6 29. g4 Rb4 30. a3 Rd4 31. Rf2 Rd1+ 32. Kg2 Rd2 33. Rxd2 Bxd2 34. Nf3 Bxf4 35. a4 Kg7 36. h4 Nxg4 0-1

[Event "Usti nad Labem blitz op"]
[Site "Usti nad Labem"]
[Date "2023.05.07"]
[Round "15"]
[White "Vaclavik, Jan"]
[Black "Purkyt, Jaroslav"]
[Result "1-0"]
[WhiteElo "2005"]
[BlackElo "1559"]
[PlyCount "30"]
[EventDate "2023.05.07"]
[EventType "swiss (blitz)"]
[EventRounds "15"]
[EventCountry "CZE"]
[SourceTitle "CBM 214 Extra"]
[Source "ChessBase"]
[SourceDate "2023.07.31"]
[SourceVersion "1"]
[SourceVersionDate "2023.07.31"]
[SourceQuality "1"]

1. d4 c5 2. d5 e5 3. c4 d6 4. Nc3 Be7 5. h4 Nf6 6. Nf3 0-0 7. e3 Ne8 8. Bd3 f5 9. g4 e4 10. Ng5 Bxg5 11. hxg5 exd3 12. f4 g6 13. Qf3 fxg4 14. Qg3 Ng7 15. Ne4 Nh5 1-0

[Event "Usti nad Labem rapid op"]
[Site "Usti nad Labem"]
[Date "2023.05.06"]
[Round "4"]
[White "Meduna, Eduard1111"]
[Black "Vaclavik, Jan"]
[Result "0-1"]
[WhiteElo "2095"]
[BlackElo "1916"]
[PlyCount "60"]
[EventDate "2023.05.06"]
[EventType "swiss (rapid)"]
[EventRounds "7"]
[EventCountry "CZE"]
[SourceTitle "CBM 214 Extra"]
[Source "ChessBase"]
[SourceDate "2023.07.31"]
[SourceVersion "1"]
[SourceVersionDate "2023.07.31"]
[SourceQuality "1"]

1. e4 c5 2. Nf3 Nc6 3. d4 cxd4 4. Nxd4 e5 5. Nb5 d6 6. N1c3 a6 7. Na3 Be7 8. Nd5 Nf6 9. Be3 0-0 10. Nxf6+ Bxf6 11. Nc4 Be7 12. Nb6 Rb8 13. Bc4 Be6 14. Bd5 Bg5 15. Nc4 b5 16. Bxg5 Qxg5 17. Ne3 Nd4 18. Bxe6 fxe6 19. c3 Rxf2 20. Qd3 Re2+ 21. Qxe2 Nxe2 22. Kxe2 d5 23. Rad1 Rd8 24. h4 Qg6 25. exd5 exd5 26. Rhf1 d4 27. cxd4 exd4 28. Rf4 Qh5+ 29. g4 Qe5 30. Rf3 Re8 0-1

[Event "CZE-ch U16"]
[Site "Luhacovice"]
[Date "2022.03.17"]
[Round "7"]
[White "Vaclavik, Jan"]
[Black "Vasinek, Martin"]
[Result "1-0"]
[WhiteElo "1997"]
[BlackElo "1594"]
[PlyCount "73"]
[EventDate "2022.03.12"]
[EventType "swiss"]
[EventRounds "9"]
[EventCountry "CZE"]
[SourceTitle "EXT 2023"]
[Source "ChessBase"]
[SourceDate "2022.10.05"]
[SourceVersion "1"]
[SourceVersionDate "2022.10.05"]
[SourceQuality "1"]

1. e4 c5 2. Nf3 Nc6 3. d4 cxd4 4. Nxd4 g6 5. c4 Bg7 6. Be3 Nf6 7. Nc3 0-0 8. Be2 e6 9. Nb3 d6 10. 0-0 Qe7 11. Qd2 Rd8 12. Rad1 b6 13. Bf4 e5 14. Bg5 Be6 15. Qe3 Qf8 16. f4 Rdc8 17. f5 gxf5 18. exf5 Bd7 19. Nd5 Qd8 20. Nd2 Nd4 21. Bxf6 Bxf6 22. Ne4 Bg7 23. f6 Bf8 24. Bd3 Bf5 25. Qg5+ Bg6 26. Ne7+ Bxe7 27. fxe7 Qc7 28. Nf6+ Kh8 29. Bxg6 fxg6 30. Nd5 Qc5 31. Qf6+ Kg8 32. Qf7+ Kh8 33. Kh1 Qxc4 34. Qf8+ Rxf8 35. Rxf8+ Kg7 36. Rxa8 Qe2 37. Ne3 1-0

[Event "CZE-ch U16"]
[Site "Herlikovice"]
[Date "2021.10.25"]
[Round "3"]
[White "Winter, Ondrej"]
[Black "Vaclavik, Jan"]
[Result "1-0"]
[WhiteElo "2026"]
[BlackElo "1810"]
[PlyCount "117"]
[EventDate "2021.10.23"]
[EventType "swiss"]
[EventRounds "9"]
[EventCountry "CZE"]
[SourceTitle "EXT 2023"]
[Source "ChessBase"]
[SourceDate "2022.10.05"]
[SourceVersion "1"]
[SourceVersionDate "2022.10.05"]
[SourceQuality "1"]

1. e4 c5 2. Nf3 Nc6 3. Bb5 d6 4. 0-0 Bd7 5. Re1 e5 6. c3 Nf6 7. d4 Qc7 8. Bg5 Be7 9. dxc5 dxc5 10. Na3 0-0 11. Nc4 Rfe8 12. Ne3 Be6 13. Qa4 Nd7 14. Nd5 Bxd5 15. exd5 Ncb8 16. Rad1 f6 17. Bc1 Bd6 18. Qh4 a6 19. Bd3 Nf8 20. Qh3 Nbd7 21. Re4 Ng6 22. Nh4 Ndf8 23. Rg4 Nxh4 24. Rxh4 g6 25. Bh6 Rad8 26. Bc2 Qf7 27. Bb3 Re7 28. Bc2 Rc7 29. Bxf8 Bxf8 30. Bxg6 Qxg6 31. Rg4 Bd6 32. Rxg6+ hxg6 33. c4 Kg7 34. Qc3 Rh8 35. h3 Rh4 36. b3 Rd4 37. Re1 f5 38. Qa5 Kf7 39. Rc1 Ke8 40. Qb6 Kd7 41. a3 e4 42. g3 Rd3 43. b4 Rxa3 44. bxc5 Rxc5 45. Qxb7+ Rc7 46. Qa8 Bc5 47. Kg2 Ra2 48. Rf1 Kd6 49. Qd8+ Rd7 50. Qf8+ Re7 51. Qf6+ Kd7 52. Qc6+ Kd8 53. Qxc5 e3 54. d6 Re4 55. Qc7+ Ke8 56. d7+ Kf8 57. d8Q+ Re8 58. Qce7+ Kg8 59. Qdxe8# 1-0

[Event "Prague Menchik Memorial Rapid"]
[Site "Prague"]
[Date "2021.09.28"]
[Round "3"]
[White "Vaclavik, Jan"]
[Black "Kotal, Vaclav"]
[Result "0-1"]
[WhiteElo "1810"]
[BlackElo "2150"]
[PlyCount "70"]
[EventDate "2021.09.28"]
[EventType "swiss (rapid)"]
[EventRounds "9"]
[EventCountry "CZE"]
[SourceTitle "CBM 204 Extra"]
[Source "ChessBase"]
[SourceDate "2021.11.30"]
[SourceVersion "1"]
[SourceVersionDate "2021.11.30"]
[SourceQuality "1"]

1. Nf3 d5 2. g3 c6 3. Bg2 Bg4 4. d4 Nd7 5. 0-0 e6 6. c4 Ngf6 7. Qb3 Qb6 8. c5 Qxb3 9. axb3 Bxf3 10. exf3 Be7 11. Re1 0-0 12. b4 b6 13. g4 h6 14. Bf4 a5 15. b5 cxb5 16. c6 Nb8 17. Rc1 Rc8 18. Bxb8 Raxb8 19. Bf1 Ne8 20. Bxb5 Bb4 21. Na3 Rc7 22. Nc2 Nd6 23. Nxb4 axb4 24. Ba6 b5 25. Ra5 Rb6 26. Rca1 Rbxc6 27. Bxb5 Rc1+ 28. Rxc1 Rxc1+ 29. Kg2 g5 30. Ba4 Nc4 31. Rb5 Nxb2 32. Rxb4 Nd3 33. Rb8+ Kg7 34. f4 Nxf4+ 35. Kf3 Rc3# 0-1

[Event "CZE-ch Betsys Online Blitz"]
[Site "Chess.com INT"]
[Date "2021.04.17"]
[Round "3"]
[White "Soucek, Andrej"]
[Black "Vaclavik, Jan"]
[Result "0-1"]
[WhiteElo "1141"]
[BlackElo "1810"]
[PlyCount "74"]
[EventDate "2021.04.17"]
[EventType "swiss (blitz)"]
[EventRounds "13"]
[EventCountry "CZE"]
[SourceTitle "CBM 201 Extra"]
[Source "ChessBase"]
[SourceDate "2021.05.31"]
[SourceVersion "1"]
[SourceVersionDate "2021.05.31"]
[SourceQuality "1"]

1. e4 c5 2. Nf3 Nc6 3. d4 cxd4 4. Nxd4 e5 5. Nb5 d6 6. N1c3 a6 7. Na3 Be7 8. Be3 Nf6 9. Bg5 0-0 10. Bxf6 Bxf6 11. Nd5 Be6 12. c4 Bg5 13. Bd3 Qa5+ 14. Nc3 Nd4 15. 0-0 Rfc8 16. Nd5 Qd8 17. Nc2 Nxc2 18. Qxc2 b5 19. b3 f5 20. f3 Bxd5 21. exd5 Qb6+ 22. Kh1 Rf8 23. Bxf5 Rf6 24. Be6+ Kh8 25. cxb5 Raf8 26. bxa6 Qxa6 27. Rad1 Bf4 28. g3 Be3 29. Kg2 Bd4 30. Qd3 Qxa2+ 31. Rd2 Qa5 32. Rb1 Rxf3 33. Qxf3 Qxd2+ 34. Kh1 Rxf3 35. Ra1 Rf8 36. Ra7 Qe3 37. Ra8 Qf3# 0-1

[Event "CZE-ch Betsys Online Blitz"]
[Site "Chess.com INT"]
[Date "2021.04.17"]
[Round "7"]
[White "Stalmach, Richard"]
[Black "Vaclavik, Jan"]
[Result "1-0"]
[WhiteElo "2296"]
[BlackElo "1810"]
[PlyCount "63"]
[EventDate "2021.04.17"]
[EventType "swiss (blitz)"]
[EventRounds "13"]
[EventCountry "CZE"]
[SourceTitle "CBM 201 Extra"]
[Source "ChessBase"]
[SourceDate "2021.05.31"]
[SourceVersion "1"]
[SourceVersionDate "2021.05.31"]
[SourceQuality "1"]

1. d4 Nf6 2. c4 g6 3. Nc3 Bg7 4. e4 d6 5. Be2 0-0 6. Nf3 Nbd7 7. 0-0 e5 8. Re1 a5 9. h3 b6 10. dxe5 dxe5 11. Bg5 h6 12. Be3 Bb7 13. Qc2 Qe7 14. a3 a4 15. Nd5 Bxd5 16. cxd5 Nc5 17. Bxc5 bxc5 18. Bb5 Rfb8 19. Bxa4 Ra6 20. Nd2 Ne8 21. Bxe8 Qxe8 22. Reb1 Qb5 23. Nc4 Qb3 24. Qxb3 Rxb3 25. Re1 Ra4 26. Rac1 f6 27. f3 Bf8 28. Kf2 Kf7 29. Re3 Rb8 30. Ke2 Bd6 31. Kd3 g5 32. Rc3 1-0

[Event "CZE-ch Betsys Online Blitz"]
[Site "Chess.com INT"]
[Date "2021.04.17"]
[Round "5"]
[White "Vaclavik, Jan"]
[Black "Kratochvil, Karel"]
[Result "1-0"]
[WhiteElo "1810"]
[BlackElo "2131"]
[PlyCount "77"]
[EventDate "2021.04.17"]
[EventType "swiss (blitz)"]
[EventRounds "13"]
[EventCountry "CZE"]
[SourceTitle "CBM 201 Extra"]
[Source "ChessBase"]
[SourceDate "2021.05.31"]
[SourceVersion "1"]
[SourceVersionDate "2021.05.31"]
[SourceQuality "1"]

1. Nf3 Nf6 2. g3 g6 3. b3 Bg7 4. Bb2 0-0 5. Bg2 a5 6. 0-0 a4 7. d4 d5 8. c4 axb3 9. axb3 Rxa1 10. Bxa1 c6 11. Nc3 Na6 12. Ne5 Bf5 13. e3 e6 14. Bb2 Nb4 15. Qa1 Qa8 16. Qc1 Nd3 17. Nxd3 Bxd3 18. Rd1 dxc4 19. bxc4 Bxc4 20. Ba3 Re8 21. Bc5 Qa6 22. Qb2 Ra8 23. Rc1 Nd5 24. Ne4 b5 25. Nd6 Qa2 26. Qxa2 Rxa2 27. Nxc4 bxc4 28. Rxc4 Ra1+ 29. Bf1 Nf6 30. Kg2 Ne4 31. Bd3 Nd2 32. Rc2 Nb3 33. Rc3 Nxc5 34. Rxc5 Ra3 35. Be4 f5 36. Bxc6 g5 37. Bd7 Kf7 38. Rc7 Kf6 39. Be8 1-0

[Event "CZE-chT2B 1920"]
[Site "Czech Republic"]
[Date "2020.06.28"]
[Round "11.7"]
[White "Koblasa, Josef"]
[Black "Vaclavik, Jan"]
[Result "0-1"]
[WhiteElo "1890"]
[BlackElo "1797"]
[PlyCount "84"]
[EventDate "2019.10.13"]
[EventType "team-tourn"]
[EventRounds "11"]
[EventCountry "CZE"]
[SourceTitle "EXT 2024"]
[Source "ChessBase"]
[SourceDate "2023.10.10"]
[SourceVersion "1"]
[SourceVersionDate "2023.10.10"]
[SourceQuality "1"]
[WhiteTeam "Udlice"]
[BlackTeam "Teplice"]
[WhiteTeamCountry "CZE"]
[BlackTeamCountry "CZE"]

1. c4 Nf6 2. Nc3 g6 3. g3 Bg7 4. Bg2 0-0 5. d4 d6 6. e4 Nbd7 7. Nge2 e5 8. d5 a5 9. 0-0 Nc5 10. b3 Bd7 11. h3 Ne8 12. Be3 f5 13. f3 Nf6 14. Qd2 Rf7 15. Bg5 Qf8 16. Rab1 h6 17. Be3 Re8 18. a3 Bc8 19. b4 axb4 20. axb4 Ncd7 21. Nb5 Nb8 22. c5 Na6 23. cxd6 cxd6 24. Nec3 Nd7 25. Na7 f4 26. Bf2 fxg3 27. Bxg3 Nf6 28. Nxc8 Rxc8 29. Ne2 Nh5 30. Bf2 Rfc7 31. h4 Rc2 32. Qd3 R8c4 33. Rfc1 Rxc1+ 34. Nxc1 Qc8 35. Ne2 Nxb4 36. Qb3 b5 37. Kh2 Kh7 38. Qa3 Rc2 39. Re1 Qc4 40. Qe3 Nd3 41. Bf1 Nxe1 42. Ng3 Qd4 0-1

[Event "CZE-ch U14"]
[Site "Kouty nad Desnou"]
[Date "2020.03.09"]
[Round "4"]
[White "Prochazka, Vojtech"]
[Black "Vaclavik, Jan"]
[Result "0-1"]
[WhiteElo "1763"]
[BlackElo "1791"]
[PlyCount "78"]
[EventDate "2020.03.07"]
[EventType "swiss"]
[EventRounds "7"]
[EventCountry "CZE"]
[SourceTitle "CBM 195 Extra"]
[Source "ChessBase"]
[SourceDate "2020.05.31"]
[SourceVersion "1"]
[SourceVersionDate "2020.05.31"]
[SourceQuality "1"]

1. e4 c5 2. Nf3 Nc6 3. d4 cxd4 4. Nxd4 Nf6 5. Nc3 d6 6. Bg5 Bd7 7. Be2 a6 8. 0-0 e6 9. Qd2 Be7 10. Rad1 0-0 11. Nxc6 Bxc6 12. Bf3 Qb6 13. b3 Rfd8 14. Rfe1 Rac8 15. Be3 Qc7 16. Re2 b5 17. Qd4 Bb7 18. Nb1 d5 19. e5 Nd7 20. Bf4 Bc5 21. Qb2 Ba7 22. g3 h6 23. h4 Nb8 24. Kg2 Nc6 25. Kh3 Qe7 26. Be3 Bxe3 27. Rxe3 Qc7 28. Re2 Rd7 29. Bg2 Qb6 30. f4 Rdc7 31. c3 Ne7 32. Qd2 a5 33. Qe3 Qxe3 34. Rxe3 b4 35. cxb4 axb4 36. a3 Nf5 37. Red3 Ba6 38. R3d2 bxa3 39. Nxa3 Rc3 0-1

[Event "CZE-ch U14"]
[Site "Kouty nad Desnou"]
[Date "2020.03.09"]
[Round "3"]
[White "Vaclavik, Jan"]
[Black "Babula, Vlastimil1111"]
[Result "0-1"]
[WhiteElo "1791"]
[BlackElo "2026"]
[PlyCount "124"]
[EventDate "2020.03.07"]
[EventType "swiss"]
[EventRounds "7"]
[EventCountry "CZE"]
[SourceTitle "CBM 195 Extra"]
[Source "ChessBase"]
[SourceDate "2020.05.31"]
[SourceVersion "1"]
[SourceVersionDate "2020.05.31"]
[SourceQuality "1"]

1. e4 c5 2. Nf3 d6 3. d4 cxd4 4. Qxd4 Nc6 5. Qe3 Nf6 6. h3 g6 7. Be2 Bg7 8. 0-0 0-0 9. c4 a6 10. Nc3 Be6 11. Rb1 Rc8 12. b3 Qa5 13. Bb2 b5 14. cxb5 axb5 15. Nxb5 Qxa2 16. Nbd4 Nxd4 17. Nxd4 Bd7 18. Bc4 Qa5 19. Ra1 Qe5 20. Rfe1 Qh5 21. Qd2 Bh6 22. Qd3 Qc5 23. Nf3 Bg7 24. Bd4 Qh5 25. Ra7 e5 26. Bb2 d5 27. Bxd5 Nxd5 28. Qxd5 Bxh3 29. gxh3 Qxf3 30. Ba3 Rfd8 31. Qb7 Rc2 32. Qb6 Bf6 33. Bc5 Kg7 34. Qc7 Rxc5 35. Qxc5 Qxb3 36. Qc7 Rd2 37. Kg2 Rc2 38. Qd6 Qb2 39. Rf1 Bh4 40. Kh1 Rxf2 41. Rxf2 Bxf2 42. Ra6 Qc1+ 43. Kg2 Qg1+ 44. Kf3 Qg3+ 45. Ke2 Qe3+ 46. Kd1 Qe1+ 47. Kc2 Qxe4+ 48. Kb3 Qf5 49. Kc4 Bd4 50. Kd5 Qf3+ 51. Kc4 Qxh3 52. Qf6+ Kh6 53. Kd5 Qd7+ 54. Ke4 Kh5 55. Rd6 Qg4+ 56. Kd5 Qg2+ 57. Kc4 Qc2+ 58. Kd5 Kg4 59. Ra6 Qf5 60. Qd8 Bb2 61. Kc5 e4+ 62. Kb4 Be5 0-1

[Event "Karlovy Vary CupT U16"]
[Site "Karlovy Vary"]
[Date "2020.01.23"]
[Round "4.1"]
[White "Babula, Vlastimil1111"]
[Black "Vaclavik, Jan"]
[Result "1-0"]
[WhiteElo "2038"]
[BlackElo "1803"]
[PlyCount "99"]
[EventDate "2020.01.22"]
[EventType "team-swiss"]
[EventRounds "4"]
[EventCountry "CZE"]
[SourceTitle "CBM 194 Extra"]
[Source "ChessBase"]
[SourceDate "2020.03.31"]
[SourceVersion "1"]
[SourceVersionDate "2020.03.31"]
[SourceQuality "1"]
[WhiteTeam "Zlinsky kraj"]
[BlackTeam "Ustecky kraj"]
[WhiteTeamCountry "CZE"]
[BlackTeamCountry "CZE"]

1. e4 c5 2. Nf3 Nc6 3. d4 cxd4 4. Nxd4 e5 5. Nb5 d6 6. c4 a6 7. N5a3 Be7 8. Nc3 Nf6 9. Be2 0-0 10. 0-0 Be6 11. Nc2 Rc8 12. Ne3 Nd4 13. Bd2 Qd7 14. Ned5 Bxd5 15. cxd5 b5 16. a3 Bd8 17. Bg5 Qb7 18. Be3 Bb6 19. Kh1 Rfd8 20. f4 a5 21. fxe5 dxe5 22. Bg5 Rd6 23. Bxb5 Bd8 24. a4 Nxb5 25. Nxb5 Rb6 26. Qd3 Qd7 27. Qe3 Rbb8 28. Rac1 Be7 29. h3 h6 30. Bxf6 Bxf6 31. Qg3 Qe7 32. Qg4 Rxc1 33. Rxc1 Bg5 34. Rc6 Bf4 35. Qd1 Qd7 36. Rc7 Qd8 37. d6 Rc8 38. Qd5 Qf8 39. Qc6 Rd8 40. Qc4 h5 41. Qc6 g6 42. Qd5 Rc8 43. Kg1 Rd8 44. Kf1 Rc8 45. Ke2 Rd8 46. Kf3 Rc8 47. g3 Bh6 48. Qxe5 Qd8 49. Qe7 Qf8 50. Rxc8 1-0

[Event "Karlovy Vary CupT U16"]
[Site "Karlovy Vary"]
[Date "2020.01.22"]
[Round "2.1"]
[White "Rokos, Filip"]
[Black "Vaclavik, Jan"]
[Result "0-1"]
[WhiteElo "2010"]
[BlackElo "1803"]
[PlyCount "88"]
[EventDate "2020.01.22"]
[EventType "team-swiss"]
[EventRounds "4"]
[EventCountry "CZE"]
[SourceTitle "CBM 194 Extra"]
[Source "ChessBase"]
[SourceDate "2020.03.31"]
[SourceVersion "1"]
[SourceVersionDate "2020.03.31"]
[SourceQuality "1"]
[WhiteTeam "Kralovehradecky kraj"]
[BlackTeam "Ustecky kraj"]
[WhiteTeamCountry "CZE"]
[BlackTeamCountry "CZE"]

1. e4 c5 2. Nf3 Nc6 3. d4 cxd4 4. Nxd4 e5 5. Nb5 d6 6. N1c3 a6 7. Na3 Be7 8. Nd5 Nf6 9. Nxf6+ Bxf6 10. Nc4 Be7 11. Be3 b5 12. Nb6 Rb8 13. Nd5 0-0 14. Qd2 Be6 15. Rd1 Bxd5 16. Qxd5 Rc8 17. c3 Bg5 18. Qxd6 Bxe3 19. Qxd8 Bxf2+ 20. Kxf2 Rfxd8 21. Be2 Na5 22. Bg4 Rb8 23. b3 Nb7 24. Bd7 Nc5 25. Bc6 b4 26. cxb4 Nd3+ 27. Ke3 Nxb4 28. Bd5 Nc2+ 29. Kd3 Nb4+ 30. Ke3 Nxa2 31. Rhf1 Rf8 32. Bc4 Nb4 33. Rd7 Nc2+ 34. Kd3 Nd4 35. Rfxf7 Rxf7 36. Rxf7 Kh8 37. Kc3 Nc6 38. Rc7 Nd4 39. Ra7 h6 40. Rxa6 Rc8 41. Ra5 Re8 42. Rd5 Re7 43. b4 Kh7 44. b5 h5 0-1

[Event "EU-ch U14"]
[Site "Bratislava"]
[Date "2019.08.05"]
[Round "4"]
[White "Krupa, Miroslav"]
[Black "Vaclavik, Jan"]
[Result "1-0"]
[WhiteElo "2114"]
[BlackElo "1729"]
[PlyCount "77"]
[EventDate "2019.08.02"]
[EventType "swiss"]
[EventRounds "9"]
[EventCountry "SVK"]
[SourceTitle "EXT 2020"]
[Source "ChessBase"]
[SourceDate "2019.10.17"]
[SourceVersion "1"]
[SourceVersionDate "2019.10.17"]
[SourceQuality "1"]

1. e4 c5 2. Nf3 d6 3. c3 Nf6 4. Bd3 Nc6 5. Bc2 g6 6. 0-0 Bg7 7. h3 0-0 8. d4 cxd4 9. cxd4 b6 10. a3 Bb7 11. Nc3 Rc8 12. Re1 Nd7 13. Be3 Na5 14. Bd3 e5 15. Nb5 Qe7 16. Nxa7 Rce8 17. d5 f5 18. b4 fxe4 19. Bxe4 Nc4 20. Bg5 Bf6 21. Bh6 Bg7 22. Bxg7 Kxg7 23. Qd3 Nb2 24. Qb3 Ra8 25. Nb5 Na4 26. Rac1 Kg8 27. Rc7 Ba6 28. Qxa4 Qd8 29. Rcc1 Nf6 30. Nc7 Nxe4 31. Nxa6 Nf6 32. b5 Qd7 33. Qb3 Qf5 34. Qc2 e4 35. Nd4 Qxd5 36. Qc4 Qxc4 37. Rxc4 d5 38. Rc6 Nd7 39. Rd6 1-0

[Event "EU-ch U14"]
[Site "Bratislava"]
[Date "2019.08.04"]
[Round "3"]
[White "Danaci, Ege"]
[Black "Vaclavik, Jan"]
[Result "0-1"]
[WhiteElo "1990"]
[BlackElo "1729"]
[PlyCount "92"]
[EventDate "2019.08.02"]
[EventType "swiss"]
[EventRounds "9"]
[EventCountry "SVK"]
[SourceTitle "EXT 2020"]
[Source "ChessBase"]
[SourceDate "2019.10.17"]
[SourceVersion "1"]
[SourceVersionDate "2019.10.17"]
[SourceQuality "1"]

1. e4 c5 2. Nc3 g6 3. g3 Bg7 4. Bg2 Nc6 5. d3 e6 6. Be3 d6 7. f4 Nge7 8. Nf3 0-0 9. 0-0 Nd4 10. Rb1 Nec6 11. Ne2 Nxf3+ 12. Bxf3 b6 13. e5 d5 14. c3 Bb7 15. b4 cxb4 16. cxb4 Rc8 17. b5 Ne7 18. Qa4 Ra8 19. Bf2 Qd7 20. g4 f6 21. Bd4 fxe5 22. fxe5 g5 23. Bc3 Ng6 24. d4 a6 25. Ng3 axb5 26. Qxb5 Qxb5 27. Rxb5 Ba6 28. a4 Bxb5 29. axb5 Ra3 30. Ne2 Nf4 31. Bb2 Rb3 32. Ba1 Rxf3 33. Rxf3 Nxe2+ 34. Kf2 Rxf3+ 35. Kxf3 Nc1 36. Ke3 Bf8 37. Bb2 Nb3 38. Bc3 Be7 39. Kd3 Bd8 40. Bb4 Na5 41. Bd2 Kf7 42. Kc3 Be7 43. Be1 Kg6 44. Bd2 Nc4 45. Bc1 Ba3 46. Bd2 Bb2+ 0-1

[Event "EU-ch U14"]
[Site "Bratislava"]
[Date "2019.08.03"]
[Round "2"]
[White "Vaclavik, Jan"]
[Black "Droin, Augustin"]
[Result "0-1"]
[WhiteElo "1729"]
[BlackElo "2128"]
[PlyCount "56"]
[EventDate "2019.08.02"]
[EventType "swiss"]
[EventRounds "9"]
[EventCountry "SVK"]
[SourceTitle "EXT 2020"]
[Source "ChessBase"]
[SourceDate "2019.10.17"]
[SourceVersion "1"]
[SourceVersionDate "2019.10.17"]
[SourceQuality "1"]

1. e4 c5 2. Nf3 Nc6 3. d4 cxd4 4. Nxd4 Nf6 5. Nc3 e5 6. Ndb5 d6 7. Nd5 Nxd5 8. exd5 Nb8 9. a4 Be7 10. Be2 0-0 11. 0-0 f5 12. f4 Nd7 13. Kh1 a6 14. Na3 b6 15. c4 Bf6 16. Rb1 a5 17. Nb5 Nc5 18. fxe5 Bxe5 19. Bf4 Bxf4 20. Rxf4 Bd7 21. Nc3 Qe8 22. b3 Qe5 23. Rd4 Rfe8 24. h3 Qe3 25. Rc1 Nxb3 26. Qxb3 Qxd4 27. Rd1 Qc5 28. Rf1 Re3 0-1